000 00719nam a2200241Ia 4500
005 20260601193258.0
008 260601s9999||||xx |||||||||||||| ||und||
020 _a978-3-031-72241-7
_qebk
100 _aRobert Thomson
245 0 _aSocial, Cultural, and Behavioral Modeling
250 _a2024
260 _aHeidelberg, Germany
_bSpringer Nature
_c2024
440 _aLecture Notes in Computer Science
650 _aComputer Science
700 _aAnnetta Burger
700 _aAravind Hariharan
700 _aAryn Pyke
700 _aPatrick Park
700 _aSamer Al-khateeb
700 _aScott Renshaw
856 _uhttps://link.springer.com/openurl?genre=book&isbn=978-3-031-72241-7
942 _cEB
_2ddc
999 _c56944
_d56944